MDQL
is popping MORE tags! Check the
thread
!
Quizzes
Events
Quiz Creation
Community
Videos
Private Events
Remove Ads
Sign In
Join for FREE
Feedback
Dark Mode
Quiz Categories
Sports
Geography
Music
Movies
Television
Just For Fun
Miscellaneous
History
Literature
Language
Science
Gaming
Entertainment
Religion
Holiday
For Kids
Quiz Lab
Recent
Popular Today
Quiz Kudos Today
Editor Picks
Curator Picks
Quizzes by...
Day
Popularity
Type
Ratings
Length
Year
Community
Subscriptions
Recent Discussions
Orange Saloon
Badges
Playlists
Quests
Create
Leaderboards
Showdown
Live 5
Trivia Bingo
Activity
Puzzle Library
Sporcle Events
Private Events
Virtual Trivia
Globe League
Become a Host
Pub Owners
SporcleCon
Opinionation
Our Games
Videos
Blog
Mobile Apps
Partnerships
Remove Ads and Go Orange
Feedback
Sports
Athletes
MLB
NBA
NHL
NFL
Soccer
Sports Teams
WWE
NCAA
Football
Premier League
Basketball
Baseball
Hockey
Golf
Tennis
Cricket
Rugby
Auto Racing
Olympics
World Cup
Sports
Athletes
MLB
NBA
NHL
NFL
Soccer
Sports Teams
WWE
NCAA
Football
Premier League
Basketball
Baseball
Hockey
Golf
Tennis
Cricket
Rugby
Auto Racing
Olympics
World Cup
Random Quiz
Search Sporcle
×
Quiz Lab
Quiz Lab
Sports
MLB
Type in answers that appear in a list
Type in answers that appear in a list
Classic
Best Score? Go Orange.
2019 Colorado Rockies Stats
Can you name the 2019 Colorado Rockies?
By
ZoinksScoob
10m
49 Questions
17 Plays
17 Plays
17 Plays
Comments
Comments
Give Quiz Kudos
Give Quiz Kudos
-
- Ratings
hide this ad
Replay
Link that replays current quiz
Next Quiz
Link to next quiz in quiz playlist
You Got
0%
They Got
Avg Score
44%
Avg Friend Score
Upgrade to see
Score Distribution
Jump to the score distribution portion of the page
Score
0/49
Timer
10:00
0
Plays Today
Position
Name
% Correct
3B
Nolan Arenado
100%
OF
Charlie Blackmon
100%
SS
Trevor Story
88.2%
C
Tony Wolters
82.4%
2B-
3B
Ryan McMahon
76.5%
OF
Raimel Tapia
76.5%
P
Kyle Freeland
76.5%
OF
David Dahl
70.6%
P
Wade Davis
70.6%
P
Jon Gray
70.6%
P
German Marquez
70.6%
2B-
OF
Garrett Hampson
64.7%
1B
Daniel Murphy
58.8%
P
Scott Oberg
58.8%
OF
Ian Desmond
52.9%
C
Chris Iannetta
52.9%
1B
Yonder Alonso
52.9%
P
Antonio Senzatela
52.9%
P
Jairo Diaz
47.1%
P
Seunghwan Oh
47.1%
C
Drew Butera
41.2%
2B
Brendan Rodgers
41.2%
1B
Mark Reynolds
41.2%
P
Chad Bettis
41.2%
P
Carlos Estevez
41.2%
Position
Name
% Correct
P
Jake McGee
41.2%
OF
Sam Hilliard
35.3%
P
Tyler Anderson
35.3%
P
Chi Chi Gonzalez
35.3%
P
Bryan Shaw
35.3%
OF
Yonathan Daza
29.4%
1B
Josh Fuentes
29.4%
C
Dom Nunez
23.5%
2B
Pat Valaika
23.5%
P
Yency Almonte
23.5%
P
Mike Dunn
23.5%
P
Jeff Hoffman
23.5%
P
D.J. Johnson
23.5%
P
Peter Lambert
23.5%
P
James Pazos
23.5%
P
Chris Rusin
23.5%
P
Jesus Tinoco
23.5%
OF
Noel Cuevas
17.6%
P
Phillip Diehl
17.6%
P
Rico Garcia
17.6%
P
Sam Howard
17.6%
P
Tim Melville
17.6%
P
Wes Parsons
17.6%
P
Harrison Musgrave
11.8%
Quiz Playlist
Details
Report
Send in Message
Add To Playlist
Classic:
Type in answers that appear in a list
Quiz Source
Last Updated: Feb 16, 2020
Quiz Scoreboard
CHALLENGE
Sign Up to Join the Scoreboard
Show All
Scores
Hide
Comments
May contain spoilers
Recently Published
1-10 Letter E Words III
by El_Dandy
Language
2m
Street Fighter Characters
by Artimus82
Gaming
60s
College Basketball Coaching Resumes
by pancakes188
Sports
9m
More to Explore
Quiz From the Vault
Featured Blog Post
Where Did the Easter Bunny Come From?
hide this ad
You Might Also Like...
Tags
Baseball Quiz
MLB Quiz
Colorado Rockies
Today's Top Quizzes in Sports
Browse Sports
hide this ad
Today's Top Quizzes in MLB
Browse MLB
Top Contributed Quizzes in Sports
1
2022 World Cup Stars
2
Les meilleurs buteurs des matchs entre le PSG et l’OM
3
FIFA Club World Cup Champions
4
Les entraîneurs de l'OM et du PSG au 21e siècle
5
Criteria MLB: Left Handed Sluggers
6
2023 MLB Unique Player Accomplishments
7
AFC Teams Reveal (Wrong Answers Minefield)
8
Players with Multiple 50 Home Run Seasons
9
5-to-1: FBS Animal Nicknames
10
5-to-1: UK Sports Teams
Explore More
Trending Topics
Crossword
Disney
Anime
Harry Potter
Kpop
Marvel
NBA
The Office
Song
WWE
Country
Pokémon
NFL
Puzzle
Soccer
hide this ad
More By:
ZoinksScoob
Quiz
Plays
Rating
Category
Featured
Created
MLB 50+ Double Seasons
34,468
4.37
Sports
Jan 30, 2014
Affiliated Minor League Teams - 2020
734
4.20
Sports
Aug 5, 2014
States Without Minor League Teams
721
3.71
Sports
Nov 16, 2017
MLB Played for both Yankees and Mets
650
3.22
Sports
Apr 25, 2014
2019 Seattle Mariners
623
5.00
Sports
Sep 13, 2019
Go to Creator's Profile
Score Distribution
Quiz Creator Spotlight
ZoinksScoob
Follow
Send a Message
Quizzes Created
-
Created Quiz Play Count
-
More By This Creator
Popular Quizzes Today
1
Find the US States - No Outlines Minefield
2
Find the Countries of Europe - No Outlines Minefield
3
The Countries of the World
4
Find the US States
5
Risky Map Clicking: Biggest States A-Z
6
US States
7
Popular People in 1961
8
Movies - When Are They Set?
More Sports Quizzes
Steve Waugh's Partners in Century Test Stands
Quiz Lab
Trending Quizzes
Risky Map Clicking: Least Populous States A-Z
1-10 Letter G Words
1-10 Letter F Words
Countries of the World: 200 Million BC
Risky Map Clicking: Next State Alphabetically
Recently Updated
Beyoncé Albums
pecheneg
Leaping Animals
pecheneg
Reality TV Shows (A-Z)
bhenderson79
Rickey Henderson's Hall of Fame Teammates
pecheneg
Champions League XIs: Arsenal
pecheneg
Quick Pick: Celebrities in WWE's Hall of Fame
aduchscher
A-Z Keypad Blitz II
pecheneg
Multiple Oscar Actors
pecheneg
Mystery Phrase Blitz: Oscar 'Best Actors'
pecheneg
F. Scott Fitzgerald Novels
LTH
Trending Topics
NBA
Anime
Harry Potter
Kpop
Crossword
Disney
Marvel
Country
NFL
Soccer
Pokémon
The Office
WWE
Song
Puzzle
Your Account Isn't Verified!
In order to create a playlist on Sporcle, you need to verify the email address you used during registration. Go to your
Sporcle Settings
to finish the process.
Report this User
Report this user for behavior that violates our
Community Guidelines
.
Details:
Send Report
Go to the Sporcle.com Mobile Site →
Comments